000 00422nam a2200181Ia 4500
001 3929
005 20260306145719.0
008 260306t2012||||xx |||||||||||||| ||spa||
041 _aESP
082 _a305.5520944
_bA76
100 _aAron, Raymond
_eAUT
245 0 _aEl opio de los intelectuales
260 _c2012
300 _a397 páginas :
_c21 cm.
650 _aGEN
654 _aCHU
942 _cLIB
_dJUS
_fJUS
_2ddc
_n
999 _c3929
_d3929